000 00745nam a2200229 a 4500
001 000021321
003 DO-SdBNP
005 20240530073919.0
008 100906s1980 dr 000 f spa d
040 _aDO-SdBNP
_bspa
_cBNPHU
082 4 _aRD863.44
_bV297s
_222
100 1 _aVargas Genao, Caracciolo,
_d1927-2015
_91504
245 1 3 _aEl sonámbulo :
_bnovela /
_cCaracciolo Vargas Genao.
260 _aSanto Domingo :
_bHorzontes de América,
_c1980.
300 _a213 p. ;
_c22 cm.
500 _aIncluye datos biográficos del autor en la contraportada
590 _aInventariado, 2020 /LP
650 0 _aNovela dominicana
_9223
650 0 _aLiteratura dominicana.
_967
910 _aValidado. Control de calidad MFF
942 _2ddc
_cLBS1
999 _c20821
_d20821